Komentár k zákonu o DPH

Odpočítanie dane platiteľom. Pomerné odpočítenie dane. Uplatnenie práva na odpočítanie dane. Odpočítanie dane pri dodaní nového dopravného prostriedku. Oprava odpočítanej dane. Úprava dane odpočítanej pri investičnom majetku. Odpočítanie dane pri registrácii platiteľa. Vrátenie dane zahraničným osob...

Description complète

Enregistré dans:
Détails bibliographiques
Auteur principal: Ondreášová, Zuzana
Format: Chapitre de livre
Langue:slovaque
Sujets:
Tags: Ajouter un tag
Pas de tags, Soyez le premier à ajouter un tag!

MARC

LEADER 00000naa$a2200000$$$4500
001 0037516
005 20231106071713.1
041 0 |a slo 
044 |a SK 
245 1 0 |a Komentár k zákonu o DPH  |c Zuzana Ondreášová 
520 |a Odpočítanie dane platiteľom. Pomerné odpočítenie dane. Uplatnenie práva na odpočítanie dane. Odpočítanie dane pri dodaní nového dopravného prostriedku. Oprava odpočítanej dane. Úprava dane odpočítanej pri investičnom majetku. Odpočítanie dane pri registrácii platiteľa. Vrátenie dane zahraničným osobám. Vrátenie dane cestujúcim pri vývoze tovaru. Vrátenie dane osobám, ktoré požívajú výsady a imunity podľa medzinárodného práva, a oslobodenie od dane. Komentár k uvedeným paragrafom. 
610 2 0 |a dane z hodnoty pridanej 
610 2 0 |a zákony 
610 2 0 |a Slovensko 
610 2 0 |a odpočet dane 
610 2 0 |a oslobodenie od daní 
610 2 0 |a komentáre 
100 1 |a Ondreášová, Zuzana